[Event "Korinthos op 7th"]
[Site "Korinthos"]
[Date "2004.07.29"]
[Round "8"]
[White "Poliviou, Evangelos"]
[Black "Kokolias, Konstantinos"]
[Result "1-0"]
[WhiteElo "2025"]
[BlackElo "2200"]
[PlyCount "93"]
[EventDate "2004.07.22"]
[EventType "swiss"]
[EventRounds "9"]
[EventCountry "GRE"]
[SourceTitle "CBM 101 Extra"]
[Source "ChessBase"]
[SourceDate "2004.09.01"]
[SourceVersion "2"]
[SourceVersionDate "2004.09.01"]
[SourceQuality "1"]

1. e4 e5 2. Nf3 Nc6 3. Bb5 a6 4. Ba4 Nf6 5. 0-0 b5 6. Bb3 Bc5 7. d3 0-0 8. c3 Bb6 9. h3 d6 10. Bg5 Be6 11. Bc2 h6 12. Bh4 Nb8 13. Nbd2 Bc8 14. Re1 Nbd7 15. Nf1 Qe8 16. Ne3 g6 17. Nh2 Kg7 18. a4 Bb7 19. Nhg4 c6 20. Qf3 Bd8 21. Nxf6 Nxf6 22. d4 Qe6 23. axb5 axb5 24. Rxa8 Bxa8 25. Ra1 Bb6 26. Bb3 d5 27. Qxf6+ Qxf6 28. Bxf6+ Kxf6 29. Ng4+ Ke6 30. Nxe5 Bb7 31. Nd3 Kd6 32. e5+ Ke6 33. Bd1 h5 34. b4 Ra8 35. Rxa8 Bxa8 36. h4 Kf5 37. f3 Bd8 38. g3 g5 39. hxg5 Bxg5 40. f4 Be7 41. Bxh5 Ke4 42. Nc5+ Ke3 43. Bxf7 Kd2 44. f5 Kxc3 45. f6 Bd8 46. Ne6 Bb6 47. Bg6 1-0

[Event "GRE-ch U18"]
[Site "Chania"]
[Date "2003.04.23"]
[Round "6"]
[White "Poliviou, Evangelos"]
[Black "Kotrotsos, Vasilios"]
[Result "0-1"]
[WhiteElo "1930"]
[BlackElo "2155"]
[PlyCount "76"]
[EventDate "2003.04.??"]
[EventType "swiss"]
[EventRounds "7"]
[EventCountry "GRE"]
[SourceTitle "EXT 2005"]
[Source "ChessBase"]
[SourceDate "2004.11.15"]
[SourceVersion "1"]
[SourceVersionDate "2004.11.15"]
[SourceQuality "1"]

1. e4 d6 2. d4 Nf6 3. Nc3 g6 4. Nf3 Bg7 5. Be3 a6 6. Qd2 b5 7. Bd3 0-0 8. a4 b4 9. Ne2 a5 10. h3 Bb7 11. Ng3 Nbd7 12. Bh6 c5 13. e5 Ne8 14. Be4 Bxe4 15. Nxe4 cxd4 16. e6 fxe6 17. Nxd4 Nc7 18. Bxg7 Kxg7 19. h4 Nf6 20. Ng3 e5 21. Nf3 h5 22. Rd1 Qc8 23. 0-0 Qg4 24. Rfe1 Ne6 25. Qd3 Nf4 26. Qb5 Rfb8 27. Qf1 Rc8 28. Rd2 Rc5 29. Ne2 Ne4 30. Nxf4 Nxd2 31. Nxd2 Qxf4 32. Qd3 Rac8 33. g3 Qf5 34. Ne4 Rxc2 35. b3 Rc1 36. Rxc1 Rxc1+ 37. Kg2 Rc3 38. Qe2 Rxb3 0-1

[Event "GRE-ch U18"]
[Site "Chania"]
[Date "2003.04.20"]
[Round "2"]
[White "Poliviou, Evangelos"]
[Black "Ziogas, Paris"]
[Result "0-1"]
[WhiteElo "1930"]
[BlackElo "2005"]
[PlyCount "102"]
[EventDate "2003.04.??"]
[EventType "swiss"]
[EventRounds "7"]
[EventCountry "GRE"]
[SourceTitle "EXT 2005"]
[Source "ChessBase"]
[SourceDate "2004.11.15"]
[SourceVersion "1"]
[SourceVersionDate "2004.11.15"]
[SourceQuality "1"]

1. e4 c5 2. Nf3 Nc6 3. d4 cxd4 4. Nxd4 Nf6 5. Nc3 d6 6. Be3 e5 7. Nf3 h6 8. h3 Be6 9. Be2 Be7 10. Qd2 a6 11. 0-0 b5 12. a3 Qc7 13. Ne1 0-0 14. f4 Na5 15. Rd1 Nc4 16. Bxc4 Bxc4 17. Nd3 Qb7 18. fxe5 dxe5 19. Rf5 Nxe4 20. Nxe4 Qxe4 21. Rxe5 Qh4 22. Bf2 Qf6 23. Qe2 Bd6 24. Re4 Bc7 25. b3 Bd5 26. Rg4 Be6 27. Re4 Bf5 28. Re3 Qg6 29. Ne1 Bf4 30. Re7 Bxh3 31. Qe4 Bg5 32. Qxg6 fxg6 33. Rc7 Bf5 34. c4 Rfc8 35. Rxc8+ Rxc8 36. c5 a5 37. b4 a4 38. Rd6 Bc1 39. Rb6 Bxa3 40. Rxb5 Bb2 41. Nf3 a3 42. Ra5 Rd8 43. Nh4 Be6 44. Nxg6 a2 45. Ne7+ Kh7 46. c6 a1Q+ 47. Rxa1 Bxa1 48. c7 Rd1+ 49. Kh2 Be5+ 50. Bg3 Bxg3+ 51. Kxg3 Rc1 0-1

[Event "Patras op"]
[Site "Patras"]
[Date "2002.08.01"]
[Round "1.28"]
[White "Androutselis, Thomas"]
[Black "Poliviou, Evangelos"]
[Result "0-1"]
[WhiteElo "1385"]
[BlackElo "2084"]
[PlyCount "46"]
[EventDate "2002.08.??"]
[EventType "swiss"]
[EventRounds "9"]
[EventCountry "GRE"]
[SourceTitle "CBM 089 Extra"]
[Source "ChessBase"]
[SourceDate "2002.09.10"]
[SourceVersion "2"]
[SourceVersionDate "2002.09.10"]
[SourceQuality "1"]

1. e4 c5 2. Nf3 e6 3. d4 cxd4 4. Nxd4 Nf6 5. Nc3 d6 6. Be3 Be7 7. Be2 0-0 8. f3 a6 9. Qd2 b5 10. 0-0-0 Bd7 11. g4 Nc6 12. Rdg1 Ne5 13. Bf2 Nc4 14. Qd3 Rc8 15. h4 b4 16. Nd1 d5 17. g5 Nh5 18. Bg3 Nxg3 19. Rxg3 Bd6 20. Rgg1 Bf4+ 21. Kb1 Nd2+ 22. Ka1 e5 23. Nf5 Bb5 0-1